00805nam a22002537a 45000010005000000030006000050050017000110080041000280200018000690400029000870500008001160820010001241000026001342450069001602600040002293000056002694900033003255050007003585200095003655210018004605210018004786500023004967000032005199176FISKH20251127094756.0251127b cb ||||| |||| 00| 0 eng d a9780545855327 aFISKHbengcFISKHdFISKH aPZ7 a428.6 aFeldman, TheaeAuthor aWhat was that? /cBy Thea Feldman ; Illustrations by Clare Elsom aNew York :bScholastic Inc. ,c2016 a15 unnumbered pages :bcolor illustrations ;c19 cm aPuppy pals phonics :vBook 6 aE  awh- words in this book : wham whap what when where whew whirl whiskers whispers who whoosh8 a300 bLexile 8 aE bRaz-Plus  aWh-wordsvChildren aElsom, Clare eIllustrator